000 00645nam a2200193Ia 4500
003 GCL
008 140319s9999 xx 000 0 ara d
040 _aGCL /
_cGCL
082 0 4 _a301.31
_bم م
100 1 _aلاو، مارسيا د
245 1 0 _aتخطيط المدن : الابعاد البيئية والانسانية /
_cلاو، مارسيا د
700 1 _aايناس عفت
490 _aمعهد مراقبة البيئة العالمية ورلد واتش
_v0
650 0 4 _aالتخطيط
650 0 4 _aتخطيط المدن
650 0 4 _aالتخطيط الاقليمى
650 0 4 _aالبيئة - علم
942 _2ddc
_cBK
999 _c46656
_d46656